000 00792nam a22001937a 4500
999 _c371689
_d371689
008 201127b ||||| |||| 00| 0 eng d
040 _aDE-2950
_bger
_cDE-2950
_erda
041 _ager
245 _aNeue Musiker, viele Stars und Open-Air-Konzerte.
_bKlassische Musik: Chefdirigent Jörg-Peter Weigle und Intendant Roland Ott sollen Frankfurt in der neuen Spielzeit zu einer klingenden Stadt machen/
_cHeinz Kannenberg
264 _c2022
653 _aFrankfurt (Oder)
653 _aBrandenburgisches Staatsorchester
653 _aNeue Saison
773 _dFrankfurt (Oder) Märkisches Verlags- und Druckhaus GmbH & Co KG
_tMärkische Oderzeitung
_g33. Jahrgang (2022) Nr. 139 vom 17.06.2022, S. 16
942 _cA